000 00298nam a22001337a 4500
008 180927b xxu||||| |||| 00| 0 eng d
020 _a0256022933
041 _aeng
080 _a330.722
100 _a61
101 _aKON
245 _aFundamental Accounting Principles
_cPyle
942 _2udc
_cBK
999 _c48584
_d48584